000
00293nam a2200121Ia 4500
008
230312s9999||||xx |||||||||||||| ||und||
082
_a
005.133
_b
PRO-C
245
0
_a
Computer Programming C++
300
_a
420
546
_a
Eng.
650
_a
Computer
_v
Control Structures,Functions
942
_c
BK
999
_c
3167
_d
3167